[Event "Hannover Region-ch"]
[Site "Hannover"]
[Date "2015.02.07"]
[Round "3"]
[White "Zweigait, Leon"]
[Black "Fandrich, Udo"]
[Result "0-1"]
[WhiteElo "857"]
[BlackElo "1090"]
[PlyCount "55"]
[EventDate "2015.01.10"]
[EventType "swiss"]
[EventRounds "7"]
[EventCountry "GER"]
[SourceTitle "EXT 2021"]
[Source "ChessBase"]
[SourceDate "2020.10.23"]
[SourceVersion "1"]
[SourceVersionDate "2020.10.23"]
[SourceQuality "1"]

1. d4 Nf6 2. c4 e6 3. Nc3 Be7 4. Bf4 d5 5. c5 Nc6 6. Nb5 0-0 7. Nxc7 Rb8 8. Nxe6 Bxe6 9. Bxb8 Qa5+ 10. Qd2 Qxd2+ 11. Kxd2 Rxb8 12. e3 b6 13. b4 bxc5 14. bxc5 Rb2+ 15. Ke1 Ne4 16. Be2 Nb4 17. Rc1 Nc2+ 18. Kd1 Nxf2+ 19. Kd2 Nxd4+ 20. Ke1 Nxe2 21. Ra1 Nd3+ 22. Kf1 Nxg1 23. Kxg1 Bxc5 24. h3 Bxe3+ 25. Kh2 Bf4+ 26. Kg1 d4 27. a3 Bd5 28. a4 0-1

[Event "Hannover Region-ch"]
[Site "Hannover"]
[Date "2009.02.21"]
[Round "5"]
[White "Fandrich, Udo"]
[Black "Floerchinger, Ludolf"]
[Result "0-1"]
[WhiteElo "1117"]
[BlackElo "1571"]
[PlyCount "44"]
[EventDate "2009.01.10"]
[EventType "swiss"]
[EventRounds "7"]
[EventCountry "GER"]
[SourceTitle "EXT 2021"]
[Source "ChessBase"]
[SourceDate "2020.10.23"]
[SourceVersion "1"]
[SourceVersionDate "2020.10.23"]
[SourceQuality "1"]

1. e4 d5 2. e5 Bf5 3. d4 e6 4. Nf3 c5 5. Bb5+ Nc6 6. 0-0 Qb6 7. Bxc6+ Qxc6 8. Nc3 Bg4 9. Be3 cxd4 10. Bxd4 Bc5 11. Bxc5 Qxc5 12. Qd4 Qxd4 13. Nxd4 a6 14. a4 Ne7 15. b4 Rc8 16. Nce2 Bxe2 17. Nxe2 Rxc2 18. Ng3 0-0 19. Rfd1 Nc6 20. f4 Nxb4 21. Rab1 a5 22. Kf1 f6 0-1

[Event "Hannover Region-ch"]
[Site "Hannover"]
[Date "2008.04.12"]
[Round "7"]
[White "Zuelke, Dieter"]
[Black "Fandrich, Udo"]
[Result "1-0"]
[WhiteElo "1378"]
[BlackElo "1162"]
[PlyCount "49"]
[EventDate "2008.01.12"]
[EventType "swiss"]
[EventRounds "7"]
[EventCountry "GER"]
[SourceTitle "EXT 2021"]
[Source "ChessBase"]
[SourceDate "2020.10.23"]
[SourceVersion "1"]
[SourceVersionDate "2020.10.23"]
[SourceQuality "1"]

1. d4 Nf6 2. g3 e6 3. Bg2 d5 4. Nf3 Be7 5. 0-0 0-0 6. b3 b6 7. Nbd2 Bb7 8. Bb2 Nbd7 9. Rc1 c5 10. e3 Rc8 11. c4 Bd6 12. Re1 Re8 13. h3 e5 14. cxd5 exd4 15. Nc4 Bb8 16. exd4 Rxe1+ 17. Qxe1 cxd4 18. Nxd4 Nc5 19. Rd1 Qe8 20. Ne3 Rd8 21. Nc6 Bxc6 22. dxc6 Rxd1 23. Qxd1 h6 24. Kh2 Nfe4 25. Qd4 1-0

[Event "Hannover Region-ch"]
[Site "Hannover"]
[Date "2008.01.26"]
[Round "2"]
[White "Floerchinger, Ludolf"]
[Black "Fandrich, Udo"]
[Result "1-0"]
[WhiteElo "1597"]
[BlackElo "1162"]
[PlyCount "65"]
[EventDate "2008.01.12"]
[EventType "swiss"]
[EventRounds "7"]
[EventCountry "GER"]
[SourceTitle "EXT 2021"]
[Source "ChessBase"]
[SourceDate "2020.10.23"]
[SourceVersion "1"]
[SourceVersionDate "2020.10.23"]
[SourceQuality "1"]

1. e4 c5 2. d4 e6 3. Nc3 a6 4. Nf3 cxd4 5. Nxd4 Nc6 6. Be3 Nf6 7. Nxc6 bxc6 8. Bd3 e5 9. 0-0 h6 10. a3 Be7 11. f4 d6 12. fxe5 dxe5 13. h3 Be6 14. Qf3 g6 15. Rad1 Qc8 16. Na4 Nd7 17. b4 h5 18. Nb2 g5 19. Bc4 Nf8 20. Bxe6 Qxe6 21. g4 hxg4 22. hxg4 Rh4 23. Rd2 Qxg4+ 24. Rg2 Qxf3 25. Rxf3 Rxe4 26. Bxg5 Bxg5 27. Rxg5 Rd8 28. Nd3 Re2 29. Rxe5+ Rxe5 30. Nxe5 Rd1+ 31. Kg2 Rd2+ 32. Rf2 Rxf2+ 33. Kxf2 1-0

[Event "Hannover Region-ch"]
[Site "Hannover"]
[Date "2007.03.10"]
[Round "5"]
[White "Fandrich, Udo"]
[Black "Zadneprovskaja, Ninel"]
[Result "0-1"]
[WhiteElo "1178"]
[BlackElo "1445"]
[PlyCount "48"]
[EventDate "2007.01.13"]
[EventType "swiss"]
[EventRounds "7"]
[EventCountry "GER"]
[SourceTitle "EXT 2021"]
[Source "ChessBase"]
[SourceDate "2020.10.23"]
[SourceVersion "1"]
[SourceVersionDate "2020.10.23"]
[SourceQuality "1"]

1. e4 c5 2. Nf3 Nc6 3. d4 cxd4 4. Nxd4 e6 5. Nxc6 bxc6 6. Nc3 Bc5 7. Bc4 a6 8. 0-0 d6 9. Na4 Ba7 10. a3 h6 11. b4 Ne7 12. h3 0-0 13. Bd3 Ng6 14. Qf3 Bb7 15. Qg3 e5 16. Nc3 Bd4 17. Bd2 Kh8 18. Rab1 Bc8 19. Ne2 Bb6 20. Kh1 Qd7 21. f4 Bd8 22. f5 Bh4 23. Qg4 Qd8 24. fxg6 Bxg4 0-1

[Event "Hannover Region-ch"]
[Site "Hannover"]
[Date "2007.01.27"]
[Round "2"]
[White "Braje, Monika"]
[Black "Fandrich, Udo"]
[Result "1-0"]
[WhiteElo "1629"]
[BlackElo "1178"]
[PlyCount "43"]
[EventDate "2007.01.13"]
[EventType "swiss"]
[EventRounds "7"]
[EventCountry "GER"]
[SourceTitle "EXT 2021"]
[Source "ChessBase"]
[SourceDate "2020.10.23"]
[SourceVersion "1"]
[SourceVersionDate "2020.10.23"]
[SourceQuality "1"]

1. e4 e5 2. Nf3 Nc6 3. d4 exd4 4. Nxd4 Nxd4 5. Qxd4 d6 6. Nc3 c5 7. Qa4+ Bd7 8. Qb3 b6 9. Bc4 Be6 10. Bxe6 fxe6 11. Qxe6+ Qe7 12. Qxe7+ Nxe7 13. Nb5 Kd7 14. Bf4 Ng6 15. Bg3 Kc6 16. Nc3 Be7 17. 0-0-0 Rad8 18. f4 Rhf8 19. Rhf1 Bh4 20. Bxh4 Nxh4 21. g3 Ng2 22. Nd5 1-0